| 000 | 01017nam a22002417a 4500 | ||
|---|---|---|---|
| 005 | 20160519141542.0 | ||
| 008 | 160519b2001 pe abd||r|||| 00| 0 spa d | ||
| 040 |
_aCO-BoIAVH _cCO-BoIAVH |
||
| 041 | 0 | _aspa | |
| 044 | _ape | ||
| 082 | 0 | 4 |
_a354.33 _bE82r |
| 245 | 1 | 0 | _aEstrategia regional de la diversidad biológica amazónica / |
| 260 |
_aIquitos (Perú) : _bBIODAMAZ : _bInstituto de Investigación de la Amazonia Peruana, _c2000. |
||
| 300 |
_a57 páginas : _bilustraciones, mapas y gráficas ; _c30 x 21 cm. + _e1 mapa |
||
| 490 | 0 | _aSerie BIODAMAZ - IIAP ; | |
| 504 | _aIncluye referencias bibliográficas. | ||
| 650 | 1 | 6 |
_aBiodiversidad _xconservación _xpolítica gubernamental _zPerú (Amazonia, Región) |
| 650 | 2 | 6 |
_aBiodiversidad _xconservación _xestrategias _zPerú (Amazonia, Región) |
| 650 | 2 | 6 |
_aBiodiversidad _xdiagnóstico _zPerú (Amazonia, Región) |
| 710 | 2 | _aBIODAMAZ | |
| 710 | 2 | _aInstituto de Investigación de la Amazonia Peruana | |
| 942 |
_2ddc _cLIBRO |
||
| 999 |
_c18727 _d18727 |
||